000 00460nam a22001697a 4500
005 20251108164153.0
008 250721s1983 xx 000 0 ara d
082 1 4 _a342.55/محم
100 1 _aالخالدي، محمود
245 1 0 _aنقض دستور الجمهورية الإسلامية الإيرانية /
264 _c1983.
300 _a203ص
650 1 7 _aإيران
650 1 7 _aدساتير الدول
942 _2ddc
_cBK
999 _c5393
_d5393